LEADER 01064nam a2200253 i 4500 001 991003689019707536 005 20020509130445.0 008 991103s1979 it ||| | ita 035 $ab11199556-39ule_inst 035 $aPARLA186673$9ExL 040 $aDip.to Scienze Storiche Fil. e Geogr.$bita 082 0 $a368 100 1 $aAssante, Franca$037576 245 13$aIl mercato delle assicurazioni marittime a Napoli nel Settecento :$bstoria della Real compagnia, 1751-1802 /$cFranca Assante 260 $aNapoli :$bGiannini,$c1979 300 $a345 p. :$btav. ;$c24 cm. 490 0 $aQuaderni della Facolta di Scienze politiche ;$v7 650 4$aNapoli - Real compagnia delle assicurazioni marittime$xStoria 907 $a.b11199556$b23-02-17$c01-07-02 912 $a991003689019707536 945 $aLE009 STOR.62-129$g1$i2009000098282$lle009$o-$pE0.00$q-$rn$so $t0$u0$v0$w0$x0$y.i11350052$z01-07-02 996 $aMercato delle assicurazioni marittime a Napoli nel Settecento$966906 997 $aUNISALENTO 998 $ale009$b01-01-99$cm$da $e-$fita$git $h3$i1